Collegii Salmanticensis FF. Discalceatorum B. Mariae de Monte Carmeli primitivae Observantiae, cursus theologiae moralis.

Detalles Bibliográficos
Autor principal: MADRE De DIOS, Andrés de la (Fray)
Formato: Libro
Publicado: Madrid 1709
Edición:4a. ed.
Materias:
Colección:Banco de datos
Acervo:Biblioteca del Ex Convento de Nuestra Señora de Guadalupe. Zacatecas
Descripción Física:t. III
Tema general:Teología
Notas:Buena. XXVIII, 9, 4 (8167). Ex libris manuscrito de D. José Anna Gómez de Portugal.
LEADER 00868nam a22002170004500
035 |a 46981 
036 |a 8165 
100 1 |a MADRE De DIOS, Andrés de la (Fray). 
245 1 0 |a Collegii Salmanticensis FF. Discalceatorum B. Mariae de Monte Carmeli primitivae Observantiae, cursus theologiae moralis. 
250 |a 4a. ed. 
260 |a Madrid  |b imp. Emanuel Ruíz de Murga  |c 1709 
300 |a t. III 
500 |a Buena. XXVIII, 9, 4 (8167). Ex libris manuscrito de D. José Anna Gómez de Portugal. 
650 1 0 |a Teología 
949 |a CRZ-CG 
959 |a Ex convento de Nuestra Señora de Guadalupe, Museo Regional de Zacatecas, Zacatecas  |b CCC4 
960 |a Convento de Nuestra Señora de Guadalupe, Zacatecas  |b DD87 
961 |a Franciscana  |b OF 
942 |c CRZ-CG 
943 |g Biblioteca del Ex Convento de Nuestra Señora de Guadalupe. Zacatecas 
999 |c 971108  |d 971108